[Event "Young Stars of the World-2006"]
[Site "Kirishi RUS"]
[Date "2006.05.13"]
[Round "5.5"]
[White "Safarli, Eltaj"]
[Black "Lintchevski, Daniil"]
[Result "1/2-1/2"]
[WhiteElo "2417"]
[BlackElo "2414"]
[PlyCount "57"]
[EventDate "2006.05.09"]
[EventType "tourn"]
[EventRounds "9"]
[EventCountry "RUS"]
[EventCategory "5"]
[Source "lmi"]
[SourceDate "2006.05.21"]

1. e4 e6 2. d4 d5 3. Nc3 Nf6 4. e5 Nfd7 5. f4 c5 6. Nf3 Nc6 7. Be3 a6 8. Qd2 b5
9. dxc5 Bxc5 10. Bxc5 Nxc5 11. b4 Nxb4 12. Nxb5 O-O 13. Qxb4 Qb6 14. a4 axb5
15. a5 Qa7 16. Qd4 Bd7 17. Bd3 Na4 18. O-O Rfb8 19. Qxa7 Rxa7 20. Rfb1 Rxa5 21.
Rb4 Ra7 22. Nd4 Rab7 23. Kf2 g6 24. g4 Nc5 25. Ke3 Rb6 26. Ra5 Ra6 27. Rxa6
Nxa6 28. Rb1 Nc5 29. Rb4 1/2-1/2

[Event "Young Stars of the World-2006"]
[Site "Kirishi RUS"]
[Date "2006.05.15"]
[Round "6.1"]
[White "Kulikov, Alexander"]
[Black "Nepomniachtchi, Ian"]
[Result "0-1"]
[WhiteElo "2038"]
[BlackElo "2506"]
[PlyCount "54"]
[EventDate "2006.05.09"]
[EventType "tourn"]
[EventRounds "9"]
[EventCountry "RUS"]
[EventCategory "5"]
[Source "lmi"]
[SourceDate "2006.05.21"]

1. e4 c5 2. f4 d5 3. Bb5+ Nd7 4. exd5 Ngf6 5. c4 a6 6. Bxd7+ Bxd7 7. Nc3 e6 8.
Qf3 exd5 9. Nxd5 Nxd5 10. Qxd5 Qh4+ 11. Kd1 O-O-O 12. Qg5 Qf2 13. Nf3 Re8 14.
Re1 Bd6 15. Qg3 Rxe1+ 16. Nxe1 Qf1 17. d3 Re8 18. Bd2 Re2 19. Qxg7 Qf2 20. Qh8+
Kc7 21. Qc3 Bg4 22. Kc2 Bxf4 23. Qa5+ b6 24. Qxa6 Rxd2+ 25. Kb3 Rxb2+ 26. Ka3
Rb4 27. Qa7+ Kd8 0-1

[Event "Young Stars of the World-2006"]
[Site "Kirishi RUS"]
[Date "2006.05.15"]
[Round "6.2"]
[White "Lintchevski, Daniil"]
[Black "Sjugirov, Sanan"]
[Result "1/2-1/2"]
[WhiteElo "2414"]
[BlackElo "2412"]
[PlyCount "77"]
[EventDate "2006.05.09"]
[EventType "tourn"]
[EventRounds "9"]
[EventCountry "RUS"]
[EventCategory "5"]
[Source "lmi"]
[SourceDate "2006.05.21"]

1. e4 c5 2. Ne2 d6 3. g3 g6 4. Bg2 Bg7 5. c3 Nc6 6. O-O e5 7. d3 Nge7 8. Be3
O-O 9. d4 cxd4 10. cxd4 d5 11. Nbc3 exd4 12. Nxd4 dxe4 13. Nxc6 Nxc6 14. Qxd8
Rxd8 15. Bxe4 Be6 16. Rfd1 Nd4 17. Bxd4 Bxd4 18. Bxb7 Rab8 19. Bd5 Bxc3 20.
Bxe6 Bxb2 21. Rxd8+ Rxd8 22. Rb1 Rd2 23. Bb3 Bd4 24. Rd1 Bxf2+ 25. Kf1 Rxd1+
26. Bxd1 Bc5 27. Bb3 Kg7 28. Kg2 f5 29. h4 Kf6 30. Kf3 Bd6 31. Bc4 h6 32. Bb3
a5 33. Ba4 Bb4 34. Bb3 Be1 35. Ba4 Ke5 36. Be8 g5 37. hxg5 hxg5 38. g4 f4 39.
a4 1/2-1/2

[Event "Young Stars of the World-2006"]
[Site "Kirishi RUS"]
[Date "2006.05.15"]
[Round "6.3"]
[White "Hovhannisyan, Robert"]
[Black "Safarli, Eltaj"]
[Result "0-1"]
[WhiteElo "2260"]
[BlackElo "2417"]
[PlyCount "74"]
[EventDate "2006.05.09"]
[EventType "tourn"]
[EventRounds "9"]
[EventCountry "RUS"]
[EventCategory "5"]
[Source "lmi"]
[SourceDate "2006.05.21"]

1. e4 c5 2. Nf3 d6 3. d4 cxd4 4. Nxd4 Nf6 5. Nc3 a6 6. a4 b6 7. Bc4 Qc7 8. Bd5
Bb7 9. Bg5 Nbd7 10. O-O e6 11. Bxe6 fxe6 12. Nxe6 Qc4 13. Nd5 Bxd5 14. exd5 Kf7
15. Nf4 Re8 16. Re1 Re5 17. b3 Qc3 18. Rxe5 Qxe5 19. Bxf6 Nxf6 20. g3 g5 21.
Ne6 Nxd5 22. Nd8+ Kg7 23. Nc6 Qf6 24. c4 Nc3 25. Qe1 d5 26. Rc1 d4 27. Nxd4
Qxd4 28. Qxc3 Qxc3 29. Rxc3 Bc5 30. Kg2 Rd8 31. h3 Kf6 32. Kf1 Rd2 33. Rf3+ Ke5
34. h4 g4 35. Rf4 h5 36. Ke1 Rb2 37. Rf7 Rxb3 0-1

[Event "Young Stars of the World-2006"]
[Site "Kirishi RUS"]
[Date "2006.05.15"]
[Round "6.4"]
[White "Volodin, Aleksandr"]
[Black "Caruana, Fabiano"]
[Result "0-1"]
[WhiteElo "2352"]
[BlackElo "2421"]
[PlyCount "100"]
[EventDate "2006.05.09"]
[EventType "tourn"]
[EventRounds "9"]
[EventCountry "RUS"]
[EventCategory "5"]
[Source "lmi"]
[SourceDate "2006.05.21"]

1. d4 e6 2. c4 Nf6 3. Nf3 Bb4+ 4. Nbd2 b6 5. e3 Bb7 6. Bd3 O-O 7. O-O d5 8. a3
Be7 9. b4 c5 10. bxc5 bxc5 11. Rb1 Ba6 12. Qa4 Qd7 13. Qa5 Qd8 14. Qa4 Qd7 15.
Qc2 cxd4 16. Ne5 Qc7 17. exd4 dxc4 18. Ndxc4 Nc6 19. Be3 Nxe5 20. dxe5 Ng4 21.
Bf4 Rfd8 22. Be2 Bxc4 23. Bxg4 Rac8 24. Rfe1 Bxa3 25. Re3 Bd3 26. Qxc7 Rxc7 27.
Rd1 Rc1 28. Rexd3 Rxd3 29. Bxc1 Rxd1+ 30. Bxd1 Bxc1 31. g3 Kf8 32. Kf1 Ke7 33.
Ke2 Bb2 34. f4 f6 35. exf6+ Bxf6 36. Bc2 h6 37. Kd3 Kd6 38. Kc4 Bd8 39. Kd4
Bb6+ 40. Ke4 Bg1 41. h3 Bf2 42. g4 a5 43. Bb3 Bg3 44. Kf3 Bh4 45. g5 hxg5 46.
Kg4 gxf4 47. Kxh4 e5 48. Kg4 Kc5 49. Bd1 Kb4 50. Kf5 a4 0-1

[Event "Young Stars of the World-2006"]
[Site "Kirishi RUS"]
[Date "2006.05.15"]
[Round "6.5"]
[White "Popov, Ivan"]
[Black "Onischuk, Vladimir"]
[Result "1-0"]
[WhiteElo "2482"]
[BlackElo "2388"]
[PlyCount "113"]
[EventDate "2006.05.09"]
[EventType "tourn"]
[EventRounds "9"]
[EventCountry "RUS"]
[EventCategory "5"]
[Source "lmi"]
[SourceDate "2006.05.21"]

1. d4 Nf6 2. Bg5 Ne4 3. Bf4 c5 4. f3 Qa5+ 5. c3 Nf6 6. Nd2 cxd4 7. Nb3 Qb6 8.
Qxd4 Nc6 9. Qxb6 axb6 10. Nd4 e5 11. Nxc6 exf4 12. Nd4 Nd5 13. e4 fxe3 14. Bc4
Nf4 15. g3 Ne6 16. Nc2 b5 17. Bxb5 Bc5 18. Ne2 O-O 19. Ned4 Nc7 20. Bd3 Re8 21.
Ke2 d6 22. Rhe1 Be6 23. a3 Bd5 24. Nxe3 Bxd4 25. cxd4 Ra4 26. Rac1 Bc6 27. Rc4
Ne6 28. d5 Rxc4 29. Bxc4 Nd4+ 30. Kf2 Ba4 31. Rc1 Rc8 32. Rc3 Kf8 33. Rd3 Nc2
34. Bb3 Nxe3 35. Bxa4 Nc4 36. Rb3 Rc5 37. Rxb7 Rxd5 38. Rb8+ Ke7 39. Re8+ Kf6
40. Bb3 Rc5 41. Bxc4 Rxc4 42. Re2 d5 43. Ke3 Ke5 44. Kd3+ Kd6 45. Rc2 Ra4 46.
Rc8 Ra7 47. Rb8 h5 48. Kd4 g6 49. Rb6+ Ke7 50. Kxd5 Rd7+ 51. Ke5 Rd2 52. Rb7+
Kf8 53. h4 Re2+ 54. Kf4 Re6 55. a4 Ra6 56. b3 Kg7 57. Rb5 1-0

[Event "Young Stars of the World-2006"]
[Site "Kirishi RUS"]
[Date "2006.05.16"]
[Round "7.1"]
[White "Narayanan, Srinath"]
[Black "Kulikov, Alexander"]
[Result "1-0"]
[WhiteElo "2170"]
[BlackElo "2038"]
[PlyCount "77"]
[EventDate "2006.05.09"]
[EventType "tourn"]
[EventRounds "9"]
[EventCountry "RUS"]
[EventCategory "5"]
[Source "lmi"]
[SourceDate "2006.05.21"]

1. e4 Nc6 2. Nf3 d5 3. exd5 Qxd5 4. Nc3 Qa5 5. Bb5 Bd7 6. O-O a6 7. Ba4 e6 8.
a3 Nf6 9. d4 Bd6 10. Bg5 O-O-O 11. d5 exd5 12. b4 Nxb4 13. axb4 Qxb4 14. Bxd7+
Rxd7 15. Bxf6 gxf6 16. Qd4 Qxd4 17. Nxd4 Be5 18. Rad1 b5 19. f4 Bxd4+ 20. Rxd4
Rhd8 21. Ra1 Kb7 22. Rad1 c5 23. Rxd5 Rxd5 24. Nxd5 Rd7 25. Kf2 Kc6 26. Nc3
Rxd1 27. Nxd1 a5 28. Ke3 a4 29. Kd2 b4 30. Kc1 Kb5 31. Ne3 c4 32. c3 a3 33. Nd5
b3 34. Nxf6 Kc5 35. Nxh7 Kd5 36. Nf6+ Ke6 37. Ne4 Kd5 38. Nd2 Kc5 39. h4 1-0

[Event "Young Stars of the World-2006"]
[Site "Kirishi RUS"]
[Date "2006.05.16"]
[Round "7.3"]
[White "Caruana, Fabiano"]
[Black "Popov, Ivan"]
[Result "1-0"]
[WhiteElo "2421"]
[BlackElo "2482"]
[PlyCount "57"]
[EventDate "2006.05.09"]
[EventType "tourn"]
[EventRounds "9"]
[EventCountry "RUS"]
[EventCategory "5"]
[Source "lmi"]
[SourceDate "2006.05.21"]

1. e4 c5 2. Nf3 e6 3. d4 cxd4 4. Nxd4 Nc6 5. Nc3 a6 6. Be3 Nf6 7. Bd3 Qc7 8.
O-O Be7 9. f4 Bc5 10. Nf5 Bxe3+ 11. Nxe3 d6 12. Kh1 O-O 13. g4 b5 14. g5 Nd7
15. Qh5 Nd4 16. f5 Qc5 17. Rf4 exf5 18. Ncd5 Re8 19. c3 Nf8 20. cxd4 Qxd4 21.
exf5 Qxb2 22. Rd1 Bb7 23. Be4 Qe5 24. Qf3 Kh8 25. Ng4 Qb2 26. f6 g6 27. Nh6 Ne6
28. Nxf7+ Kg8 29. Nxd6 1-0

[Event "Young Stars of the World-2006"]
[Site "Kirishi RUS"]
[Date "2006.05.16"]
[Round "7.4"]
[White "Safarli, Eltaj"]
[Black "Volodin, Aleksandr"]
[Result "0-1"]
[WhiteElo "2417"]
[BlackElo "2352"]
[PlyCount "90"]
[EventDate "2006.05.09"]
[EventType "tourn"]
[EventRounds "9"]
[EventCountry "RUS"]
[EventCategory "5"]
[Source "lmi"]
[SourceDate "2006.05.21"]

1. e4 c5 2. Nf3 e6 3. d4 cxd4 4. Nxd4 a6 5. Nc3 Qc7 6. Bd3 Nf6 7. Be3 Nc6 8.
Qe2 b5 9. O-O-O Bb4 10. Nd5 exd5 11. exd5 Nxd4 12. Bxd4+ Kf8 13. a3 Bc5 14. d6
Qxd6 15. Be5 Qb6 16. Rhe1 Bb7 17. Qd2 Re8 18. Bxf6 Qxf6 19. Rxe8+ Kxe8 20. Bxb5
Bd6 21. Qe3+ Kf8 22. Qa7 Qg5+ 23. Kb1 Qxb5 24. Rxd6 Ke7 25. Rd3 Rc8 26. Qd4 Kf8
27. f3 Bc6 28. b3 Re8 29. a4 Qg5 30. Qb4+ Kg8 31. g3 Qh5 32. h4 Qe5 33. Qb6
Qxg3 34. Qxa6 h5 35. Ka2 Qf2 36. Qc4 Re1 37. Qc3 Re2 38. Kb2 Qxh4 39. a5 Qf6
40. Qxf6 gxf6 41. a6 h4 42. Rd4 h3 43. a7 h2 44. Rg4+ Kf8 45. Rh4 Bxf3 0-1

[Event "Young Stars of the World-2006"]
[Site "Kirishi RUS"]
[Date "2006.05.16"]
[Round "7.5"]
[White "Sjugirov, Sanan"]
[Black "Hovhannisyan, Robert"]
[Result "1/2-1/2"]
[WhiteElo "2412"]
[BlackElo "2260"]
[PlyCount "134"]
[EventDate "2006.05.09"]
[EventType "tourn"]
[EventRounds "9"]
[EventCountry "RUS"]
[EventCategory "5"]
[Source "lmi"]
[SourceDate "2006.05.21"]

1. e4 e5 2. Bc4 Nf6 3. d3 Nc6 4. Nf3 Bc5 5. O-O d6 6. c3 O-O 7. Bg5 h6 8. Bh4
Bb6 9. Bb3 Bg4 10. Nbd2 g5 11. Bg3 Nh5 12. Kh1 Nf4 13. h3 Bh5 14. Bxf4 gxf4 15.
g4 Bg6 16. Nc4 Kg7 17. Nxb6 axb6 18. Rg1 Rh8 19. h4 h5 20. g5 Qd7 21. Kh2 Rhe8
22. Nd2 Ne7 23. Qe2 Rad8 24. Rad1 c6 25. f3 d5 26. Qf2 b5 27. Rge1 Qd6 28. a3
d4 29. Nb1 Nc8 30. c4 bxc4 31. Bxc4 Bh7 32. b4 Ne7 33. Rg1 Bg8 34. Nd2 Ra8 35.
Ra1 Kh7 36. Bb3 Ng6 37. Nc4 Qd8 38. Na5 Qe7 39. Rg2 c5 40. Qe1 cxb4 41. axb4 b6
42. Nc6 Rxa1 43. Qxa1 Qd6 44. b5 Nxh4 45. Rf2 f6 46. Qa7+ Kh8 47. Bxg8 Rxg8 48.
Qf7 Rxg5 49. Ne7 f5 50. exf5 e4 51. dxe4 d3 52. Kh3 d2 53. Rxd2 Qxd2 54. Qf6+
Kh7 55. Qxg5 Qh2+ 56. Kxh2 Nxf3+ 57. Kh1 Nxg5 58. e5 f3 59. e6 h4 60. Nd5 f2
61. Kg2 Ne4 62. Nf4 Kg7 63. Nh3 f1=Q+ 64. Kxf1 Ng3+ 65. Kg2 Nxf5 66. Nf4 Kf6
67. Nd5+ Kxe6 1/2-1/2

[Event "Young Stars of the World-2006"]
[Site "Kirishi RUS"]
[Date "2006.05.17"]
[Round "8.1"]
[White "Kulikov, Alexander"]
[Black "Lintchevski, Daniil"]
[Result "0-1"]
[WhiteElo "2038"]
[BlackElo "2414"]
[PlyCount "96"]
[EventDate "2006.05.09"]
[EventType "tourn"]
[EventRounds "9"]
[EventCountry "RUS"]
[EventCategory "5"]
[Source "lmi"]
[SourceDate "2006.05.21"]

1. e4 e6 2. d4 d5 3. e5 c5 4. c3 Nc6 5. Nf3 Bd7 6. a3 c4 7. Nbd2 Na5 8. Rb1 Ne7
9. Be2 Nc8 10. O-O Nb6 11. Qe1 Ba4 12. Bd1 Qd7 13. Bxa4 Qxa4 14. Qd1 Be7 15.
Qxa4+ Nxa4 16. Ne1 Nc6 17. Nc2 Kd7 18. f4 g6 19. Nf3 h6 20. Bd2 b5 21. g3 Na5
22. Be3 Rag8 23. Nd2 h5 24. h3 Rb8 25. Nf3 Rb7 26. Kg2 Rhb8 27. Rfe1 Nc6 28.
Bd2 a5 29. b4 cxb3 30. Rxb3 Nb6 31. Reb1 Nc4 32. a4 Na7 33. Ne3 Nxe3+ 34. Bxe3
Kc6 35. Ra1 bxa4 36. Rxb7 Rxb7 37. Rxa4 Rb2+ 38. Nd2 Kb5 39. Ra1 a4 40. Kf3 Nc6
41. Nb1 Na5 42. Na3+ Bxa3 43. Rxa3 Nc4 44. Ra1 a3 45. g4 hxg4+ 46. hxg4 a2 47.
Bc1 Rc2 48. f5 Na5 0-1

[Event "Young Stars of the World-2006"]
[Site "Kirishi RUS"]
[Date "2006.05.17"]
[Round "8.2"]
[White "Hovhannisyan, Robert"]
[Black "Nepomniachtchi, Ian"]
[Result "1/2-1/2"]
[WhiteElo "2260"]
[BlackElo "2506"]
[PlyCount "115"]
[EventDate "2006.05.09"]
[EventType "tourn"]
[EventRounds "9"]
[EventCountry "RUS"]
[EventCategory "5"]
[Source "lmi"]
[SourceDate "2006.05.21"]

1. e4 e6 2. d4 d5 3. Nc3 Nf6 4. Bg5 Be7 5. e5 Nfd7 6. h4 a6 7. Qg4 Bxg5 8. hxg5
c5 9. g6 f5 10. exf6 Nxf6 11. Rxh7 Rf8 12. Qd1 cxd4 13. Qxd4 Nc6 14. Qa4 d4 15.
Nb5 Nxh7 16. gxh7 Rb8 17. Qa3 Qe7 18. Nd6+ Kd7 19. Qg3 Qxd6 20. Qxg7+ Qe7 21.
h8=Q Rxh8 22. Qxh8 Qb4+ 23. Kd1 Qxb2 24. Qg7+ Kd6 25. Rc1 Qxa2 26. Nf3 Bd7 27.
Nd2 Qd5 28. Qg3+ Ke7 29. Qh4+ Kd6 30. Qg3+ e5 31. Bc4 Qa5 32. Rb1 Rh8 33. Rxb7
Qa1+ 34. Ke2 d3+ 35. Kxd3 Bf5+ 36. Ne4+ Bxe4+ 37. Kxe4 Qd4+ 38. Kf5 Qxc4 39.
Qa3+ Nb4 40. Qxb4+ Qxb4 41. Rxb4 Rf8+ 42. Kg4 Rxf2 43. Rb6+ Kd5 44. Kg3 Rf8 45.
Rxa6 e4 46. Ra5+ Kd4 47. Ra4+ Ke3 48. Kg4 Rf2 49. Kg5 Rxc2 50. g4 Kf3 51. Kf6
e3 52. g5 e2 53. Ra1 Rc6+ 54. Kf7 Rc7+ 55. Kf6 Rc6+ 56. Kf7 Rd6 57. Re1 Rd7+
58. Kf6 1/2-1/2

[Event "Young Stars of the World-2006"]
[Site "Kirishi RUS"]
[Date "2006.05.17"]
[Round "8.3"]
[White "Volodin, Aleksandr"]
[Black "Sjugirov, Sanan"]
[Result "1-0"]
[WhiteElo "2352"]
[BlackElo "2412"]
[PlyCount "151"]
[EventDate "2006.05.09"]
[EventType "tourn"]
[EventRounds "9"]
[EventCountry "RUS"]
[EventCategory "5"]
[Source "lmi"]
[SourceDate "2006.05.21"]

1. d4 Nf6 2. c4 g6 3. Nc3 Bg7 4. e4 d6 5. Be2 O-O 6. Bg5 Na6 7. Qd2 e5 8. d5
Nc5 9. f3 c6 10. h4 cxd5 11. cxd5 Bd7 12. g4 Qa5 13. Rb1 Na4 14. Nxa4 Qxa4 15.
b3 Qa3 16. Nh3 Rac8 17. Nf2 Rc7 18. h5 Rfc8 19. Bd3 a6 20. hxg6 fxg6 21. O-O
Ne8 22. Kg2 Bb5 23. Bxb5 axb5 24. Rbc1 Bf6 25. Be3 Bd8 26. Rxc7 Bxc7 27. Rc1
Ra8 28. Rc2 Qa6 29. Qc1 Bd8 30. Nd3 Qa5 31. Bf2 Bb6 32. b4 Qa7 33. Rc8 Bxf2 34.
Nxf2 Qxa2 35. Qc7 Qa6 36. Rxa8 Qxa8 37. Qd7 h6 38. Qe6+ Kg7 39. Qe7+ Kg8 40. f4
exf4 41. e5 dxe5 42. d6 b6+ 43. Kh2 Nxd6 44. Qxd6 Kh7 45. Qd7+ Kg8 46. Qe6+ Kh7
47. Qf7+ Kh8 48. Qxg6 Qf3 49. Qxh6+ Kg8 50. Qe6+ Kh7 51. Qe7+ Kg8 52. Qd8+ Kf7
53. Qd7+ Kg8 54. Qc8+ Kf7 55. Qc7+ Kg8 56. Kg1 Qe3 57. Qb8+ Kg7 58. Qb7+ Kh8
59. Qe4 Qg3+ 60. Kf1 f3 61. Qe3 Qg2+ 62. Ke1 Qg1+ 63. Kd2 Qa1 64. Nd3 Qa2+ 65.
Ke1 Qb1+ 66. Kf2 Kg8 67. Kxf3 Qh1+ 68. Kg3 e4 69. Ne5 Kh7 70. g5 Qb1 71. Kf4
Kg7 72. Qxe4 Qc1+ 73. Kg4 Qg1+ 74. Kf5 Qf2+ 75. Ke6 Qa2+ 76. Qd5 1-0

[Event "Young Stars of the World-2006"]
[Site "Kirishi RUS"]
[Date "2006.05.17"]
[Round "8.4"]
[White "Popov, Ivan"]
[Black "Safarli, Eltaj"]
[Result "1-0"]
[WhiteElo "2482"]
[BlackElo "2417"]
[PlyCount "107"]
[EventDate "2006.05.09"]
[EventType "tourn"]
[EventRounds "9"]
[EventCountry "RUS"]
[EventCategory "5"]
[Source "lmi"]
[SourceDate "2006.05.21"]

1. e4 c5 2. Nf3 Nc6 3. Nc3 g6 4. d4 cxd4 5. Nxd4 Bg7 6. Be3 Nf6 7. Bc4 Qa5 8.
O-O O-O 9. Bb3 d6 10. h3 Bd7 11. f4 Rfe8 12. Nf3 Rf8 13. g4 Rad8 14. Qe2 Bc8
15. Rad1 b6 16. Qf2 Bb7 17. Rfe1 e6 18. g5 Nd7 19. Nd4 Nc5 20. Nxc6 Bxc6 21.
Bd4 Rfe8 22. Bxg7 Kxg7 23. h4 Nxb3 24. axb3 Qc5 25. Re3 b5 26. Ne2 e5 27. b4
Qb6 28. fxe5 dxe5 29. Rf1 Rd7 30. Nc3 Re6 31. h5 Qd8 32. Rg3 Qb6 33. h6+ Kf8
34. Qxb6 axb6 35. Rgf3 Red6 36. Rf6 Ke8 37. R1f2 Rxf6 38. Rxf6 Rc7 39. Kf2 Kd8
40. Ke3 Ke8 41. Ne2 Bd7 42. Rxb6 Rxc2 43. Nc3 Be6 44. Nxb5 Rxb2 45. Nc7+ Ke7
46. Nxe6 fxe6 47. Rb7+ Kf8 48. b5 Rb3+ 49. Kd2 Rb4 50. b6 Ke8 51. Kc3 Rb1 52.
Kc4 Rc1+ 53. Kb5 Rb1+ 54. Kc6 1-0

[Event "Young Stars of the World-2006"]
[Site "Kirishi RUS"]
[Date "2006.05.17"]
[Round "8.6"]
[White "Narayanan, Srinath"]
[Black "Onischuk, Vladimir"]
[Result "0-1"]
[WhiteElo "2170"]
[BlackElo "2388"]
[PlyCount "94"]
[EventDate "2006.05.09"]
[EventType "tourn"]
[EventRounds "9"]
[EventCountry "RUS"]
[EventCategory "5"]
[Source "lmi"]
[SourceDate "2006.05.21"]

1. e4 c5 2. c3 d6 3. d4 Nf6 4. Bd3 g6 5. Nf3 Bg7 6. O-O O-O 7. Re1 Nc6 8. d5
Ne5 9. Nxe5 dxe5 10. Bc4 Ne8 11. Qe2 Nd6 12. Bb3 Qc7 13. Nd2 Bd7 14. a4 b6 15.
Nc4 a6 16. Nxd6 exd6 17. Bc4 Qb7 18. Bg5 b5 19. axb5 axb5 20. Bd3 Ra6 21. c4 b4
22. b3 Rfa8 23. Rxa6 Qxa6 24. Bb1 h6 25. Bc1 Rf8 26. Bb2 Qc8 27. Bc2 f5 28.
exf5 gxf5 29. f4 e4 30. Bxg7 Kxg7 31. Ra1 Qd8 32. Ra7 Rf7 33. Qe1 Qf6 34. Qa1
Qd4+ 35. Qxd4+ cxd4 36. Kf2 Be8 37. Rxf7+ Bxf7 38. Bd1 Kf6 39. Be2 Be8 40. h3
Bg6 41. g3 Ke7 42. Bd1 Kd8 43. g4 e3+ 44. Kf3 fxg4+ 45. hxg4 h5 46. f5 hxg4+
47. Ke4 g3 0-1

[Event "Young Stars of the World-2006"]
[Site "Kirishi RUS"]
[Date "2006.05.18"]
[Round "9.1"]
[White "Onischuk, Vladimir"]
[Black "Kulikov, Alexander"]
[Result "1-0"]
[WhiteElo "2388"]
[BlackElo "2038"]
[PlyCount "71"]
[EventDate "2006.05.09"]
[EventType "tourn"]
[EventRounds "9"]
[EventCountry "RUS"]
[EventCategory "5"]
[Source "lmi"]
[SourceDate "2006.05.21"]

1. e4 Nc6 2. Nf3 d5 3. exd5 Qxd5 4. Nc3 Qa5 5. Bb5 Bd7 6. O-O e6 7. Re1 Bb4 8.
Qe2 a6 9. Bd3 Nf6 10. a3 Bd6 11. Ne4 Nxe4 12. Bxe4 Qh5 13. h3 O-O-O 14. d4 h6
15. c4 g5 16. c5 Bf8 17. Qf1 f5 18. Bxc6 Bxc6 19. Ne5 Bd5 20. c6 Bg7 21. cxb7+
Bxb7 22. Qc4 Qe8 23. Bd2 Rd5 24. Rac1 Bxe5 25. Rxe5 Rh7 26. Rxd5 exd5 27. Qc5
Kb8 28. Re1 Qd8 29. Bb4 Qf6 30. Re8+ Bc8 31. Qxd5 Qf7 32. Qe5 Qg6 33. Ba5 g4
34. h4 Rf7 35. Qd5 Rg7 36. Qb3+ 1-0

[Event "Young Stars of the World-2006"]
[Site "Kirishi RUS"]
[Date "2006.05.18"]
[Round "9.2"]
[White "Caruana, Fabiano"]
[Black "Narayanan, Srinath"]
[Result "1-0"]
[WhiteElo "2421"]
[BlackElo "2170"]
[PlyCount "81"]
[EventDate "2006.05.09"]
[EventType "tourn"]
[EventRounds "9"]
[EventCountry "RUS"]
[EventCategory "5"]
[Source "lmi"]
[SourceDate "2006.05.21"]

1. e4 e5 2. Bc4 Nf6 3. d3 Bc5 4. Nf3 Nc6 5. c3 a6 6. O-O Ba7 7. Re1 d6 8. Nbd2
O-O 9. Nf1 Na5 10. Ng3 Nxc4 11. dxc4 Kh8 12. Be3 Ng4 13. Bxa7 Rxa7 14. h3 Nh6
15. c5 f6 16. cxd6 cxd6 17. Qd3 b5 18. a4 bxa4 19. Rxa4 Nf7 20. Nf1 Rd7 21. Ne3
Bb7 22. Nd5 Bxd5 23. Qxd5 Qb6 24. Rb4 Qc5 25. Rd1 Rc7 26. Qa2 Qa7 27. Rd5 Rb7
28. Ra4 Qb6 29. b4 Qc6 30. c4 Rb6 31. c5 dxc5 32. bxc5 Rb1+ 33. Qxb1 Qxa4 34.
Qb7 h6 35. c6 Qc4 36. c7 Qc1+ 37. Kh2 Qf4+ 38. Kh1 Qc1+ 39. Ng1 Qc4 40. Rd7 Kg8
41. Rxf7 1-0

[Event "Young Stars of the World-2006"]
[Site "Kirishi RUS"]
[Date "2006.05.18"]
[Round "9.4"]
[White "Sjugirov, Sanan"]
[Black "Popov, Ivan"]
[Result "0-1"]
[WhiteElo "2412"]
[BlackElo "2482"]
[PlyCount "128"]
[EventDate "2006.05.09"]
[EventType "tourn"]
[EventRounds "9"]
[EventCountry "RUS"]
[EventCategory "5"]
[Source "lmi"]
[SourceDate "2006.05.21"]

1. e4 c6 2. d4 d5 3. Nd2 dxe4 4. Nxe4 Bf5 5. Ng3 Bg6 6. Nf3 Nd7 7. Bd3 e6 8.
O-O Ngf6 9. b3 Qa5 10. a3 Be7 11. Bb2 O-O 12. Qe2 Rfd8 13. Rfd1 b5 14. Ne5 Nxe5
15. dxe5 Nd5 16. Bxg6 hxg6 17. Ne4 Nf4 18. Qg4 Rxd1+ 19. Rxd1 Rd8 20. Rf1 Nd5
21. Bc1 Qc7 22. Qg3 Nb6 23. Re1 Rd4 24. Bb2 Rd5 25. h3 a5 26. Qc3 b4 27. Qe3
bxa3 28. Ba1 Qd8 29. Nd6 Bxd6 30. exd6 Rxd6 31. Qc1 a4 32. Qxa3 Rd1 33. Rxd1
Qxd1+ 34. Kh2 Qxc2 35. Qd6 Qc1 36. Bd4 Nd5 37. Be3 Qd1 38. Qd8+ Kh7 39. Qh4+
Qh5 40. Qxa4 Qe5+ 41. Kh1 Nxe3 42. fxe3 Qxe3 43. Qh4+ Qh6 44. Qc4 Qd2 45. Qxc6
Qd1+ 46. Kh2 Qxb3 47. Qc7 f6 48. Qf4 Qd5 49. Qh4+ Kg8 50. Qg4 Kf7 51. Qb4 e5
52. Qb6 e4 53. Kg3 g5 54. Qc7+ Kg6 55. Qe7 f5 56. Qe8+ Qf7 57. Qc6+ Kh7 58. Kf2
Qa2+ 59. Kg1 Qa1+ 60. Kf2 Qd4+ 61. Kf1 e3 62. Qf3 Qf4 63. Qxf4 gxf4 64. Ke2 g5
0-1

[Event "Young Stars of the World-2006"]
[Site "Kirishi RUS"]
[Date "2006.05.18"]
[Round "9.6"]
[White "Lintchevski, Daniil"]
[Black "Hovhannisyan, Robert"]
[Result "1-0"]
[WhiteElo "2414"]
[BlackElo "2260"]
[PlyCount "77"]
[EventDate "2006.05.09"]
[EventType "tourn"]
[EventRounds "9"]
[EventCountry "RUS"]
[EventCategory "5"]
[Source "lmi"]
[SourceDate "2006.05.21"]

1. e4 e5 2. Nf3 Nf6 3. Nxe5 d6 4. Nf3 Nxe4 5. Bd3 Nf6 6. O-O Be7 7. h3 O-O 8.
c3 d5 9. Bc2 Bd6 10. d4 h6 11. Re1 Re8 12. Nbd2 Nbd7 13. Nf1 c6 14. Ne3 Nf8 15.
c4 dxc4 16. Nxc4 Be6 17. Nxd6 Qxd6 18. Be3 Nd5 19. a3 Nd7 20. Qd3 N7f6 21. Ne5
Rad8 22. Rad1 Ne7 23. g4 Ned5 24. Bc1 c5 25. f4 g6 26. f5 gxf5 27. gxf5 Bd7 28.
Qg3+ Kh7 29. Qh4 Qf8 30. Ng4 Nxg4 31. hxg4 f6 32. g5 fxg5 33. Bxg5 Bxf5 34. Rf1
Ne3 35. Bxe3 Qg7+ 36. Kh2 Bxc2 37. Rf7 Rxe3 38. Rxg7+ Kxg7 39. Rg1+ 1-0

[Event "Young Stars of the World-2006"]
[Site "Kirishi RUS"]
[Date "2006.05.19"]
[Round "10.1"]
[White "Kulikov, Alexander"]
[Black "Hovhannisyan, Robert"]
[Result "0-1"]
[WhiteElo "2038"]
[BlackElo "2260"]
[PlyCount "98"]
[EventDate "2006.05.09"]
[EventType "tourn"]
[EventRounds "9"]
[EventCountry "RUS"]
[EventCategory "5"]
[Source "lmi"]
[SourceDate "2006.05.21"]

1. e4 c5 2. c3 d5 3. exd5 Nf6 4. d4 Qxd5 5. Nf3 Bg4 6. Be2 e6 7. Be3 cxd4 8.
cxd4 Nc6 9. O-O Bb4 10. Nc3 Qd7 11. h3 Bxf3 12. Bxf3 Rd8 13. Qa4 Bxc3 14. bxc3
O-O 15. Rfd1 Ne5 16. Qxd7 Nxf3+ 17. gxf3 Rxd7 18. Rac1 Rc8 19. c4 Rdc7 20. c5
Nd5 21. Rc4 Kf8 22. Rdc1 Ke7 23. Kf1 Rc6 24. Ra4 a6 25. Rac4 R8c7 26. Ke2 Rc8
27. Kd3 h6 28. f4 g6 29. a3 Kf6 30. R4c2 Kf5 31. Rc4 Rb8 32. Rb1 b5 33. cxb6
Rcxb6 34. Rxb6 Rxb6 35. Ra4 Rb3+ 36. Kc2 Rc3+ 37. Kd2 Rc6 38. Kd3 Rb6 39. Ra5
h5 40. Ra4 Rb3+ 41. Kc2 Rc3+ 42. Kd2 Ke4 43. Ra5 Rb3 44. Kc2 Rb6 45. Kd2 Rb2+
46. Kc1 Ra2 47. Ra4 Kd3 48. Rxa6 Nc3 49. Ra7 Rc2# 0-1

[Event "Young Stars of the World-2006"]
[Site "Kirishi RUS"]
[Date "2006.05.19"]
[Round "10.2"]
[White "Volodin, Aleksandr"]
[Black "Lintchevski, Daniil"]
[Result "1/2-1/2"]
[WhiteElo "2352"]
[BlackElo "2414"]
[PlyCount "66"]
[EventDate "2006.05.09"]
[EventType "tourn"]
[EventRounds "9"]
[EventCountry "RUS"]
[EventCategory "5"]
[Source "lmi"]
[SourceDate "2006.05.21"]

1. c4 e5 2. Nc3 Nf6 3. g3 c6 4. Nf3 e4 5. Nd4 Qb6 6. Nb3 a5 7. d4 d5 8. c5 Qd8
9. Bg2 b6 10. cxb6 Qxb6 11. O-O Nbd7 12. Na4 Qb4 13. Nbc5 Bxc5 14. Nxc5 Nxc5
15. dxc5 O-O 16. Qc2 Ba6 17. Bf4 Rfe8 18. Rfd1 Qc4 19. Qxc4 Bxc4 20. e3 a4 21.
Bh3 Ra7 22. b3 Bb5 23. b4 Rb7 24. a3 Nd7 25. Rac1 Ne5 26. Bxe5 Rxe5 27. Rd4 f5
28. Bg2 g5 29. Bf1 Kg7 30. Bxb5 Rxb5 31. Kg2 Kg6 32. Rh1 h6 33. h4 g4 1/2-1/2